Les institutions politiques des romains ou Expose historique des regles de la constitution et de l'administration romaines depuis la fondation de Rome jusqu'au regne de Justinien / (Record no. 159828)

MARC details
000 -LEADER
campo de control de longitud fija 00757nam a2200181 i 4500
001 - NÚMERO DE CONTROL
campo de control 159828
003 - IDENTIFICADOR DE NÚMERO DE CONTROL
campo de control ES-MaACL
005 - FECHA Y HORA DE LA ÚLTIMA TRANSACCIÓN
campo de control 20230906211823.0
008 - DATOS DE LONGITUD FIJA--INFORMACIÓN GENERAL
campo de control de longitud fija 990623m18821883fr |||| | fre d
040 ## - FUENTE DE CATALOGACIÓN
Centro catalogador/agencia de origen CCPB | B
Lengua de catalogación spa
Centro/agencia transcriptor CCPB | B
100 1# - ENTRADA PRINCIPAL--NOMBRE DE PERSONA
Nombre de persona Mispoulet, J. B.
9 (RLIN) 223226
245 14 - MENCIÓN DEL TÍTULO
Título Les institutions politiques des romains ou Expose historique des regles de la constitution et de l'administration romaines depuis la fondation de Rome jusqu'au regne de Justinien /
Mención de responsabilidad, etc. par J.-B. Mispoulet.
260 ## - PUBLICACIÓN, DISTRIBUCIÓN, ETC.
Lugar de publicación, distribución, etc. Paris :
Nombre del editor, distribuidor, etc. A. Durand et Pedone-Lauriel, editeurs ...,
Fecha de publicación, distribución, etc. 1882-1883.
300 ## - DESCRIPCIÓN FÍSICA
Extensión 2 v. ;
Dimensiones 22 cm.
505 8# - NOTA DE CONTENIDO CON FORMATO
Nota de contenido con formato Contiene: Tome I. La constitution -- Tome II. L'administration
852 ## - LOCALIZACIÓN
Ubicación ES-MaACL
Número de control de estantería F-12305-12306
Nota libre -- Enc. pasta
Holdings
Estatus retirado Estado de pérdida Estado de daño No para préstamo Colección Biblioteca de origen Biblioteca actual Ubicación en estantería Fecha de adquisición Fuente de adquisición Total de préstamos Signatura topográfica completa Código de barras Visto por última vez Precio de reemplazo Tipo de ítem Koha
        Libros del s. XIX Biblioteca del Ateneo de Madrid Biblioteca del Ateneo de Madrid Sala Pecera Planta 2 17/01/2008     F-12305-12306 1167317 23/02/2023 23/02/2023 Libro impreso antiguo